Đăm di đi săn Thơ ca dân gian Tây Nguyên

Saved in:
Bibliographic Details
Format: Book
Language:Undetermined
Published: Hà Nội Văn hóa 1979
Subjects:
Tags: Add Tag
No Tags, Be the first to tag this record!
Institutions: Trung tâm Học liệu Trường Đại học Cần Thơ
LEADER 00430nam a2200157Ia 4500
001 CTU_10779
008 210402s9999 xx 000 0 und d
082 |a 398.9495 
082 |b Đ114 
245 0 |a Đăm di đi săn 
245 0 |b Thơ ca dân gian Tây Nguyên 
260 |a Hà Nội 
260 |b Văn hóa 
260 |c 1979 
650 |a vietnamese poetry 
980 |a Trung tâm Học liệu Trường Đại học Cần Thơ